书目信息 |
| 题名: |
新型城镇化背景下党的群众工作模式研究
|
|
| 作者: | 王克明 著 | |
| 分册: | ||
| 出版信息: | 天津 天津人民出版社 2019.10 |
|
| 页数: | 405页 | |
| 开本: | 24cm | |
| 丛书名: | ||
| 单 册: | ||
| 中图分类: | D252 | |
| 科图分类: | ||
| 主题词: | ||
| 电子资源: | ||
| ISBN: | 978-7-201-15484-8 | |
| 000 | 01530nam0 2200277 450 | |
| 001 | CAL 0120202962386 | |
| 005 | 20230308143222.0 | |
| 010 | @a978-7-201-15484-8@dCNY79.00 | |
| 100 | @a20200402d2019 em y0chiy0120 ea | |
| 101 | 0 | @achi |
| 102 | @aCN@b120000 | |
| 105 | @aa a 000yy | |
| 106 | @ar | |
| 200 | 1 | @a新型城镇化背景下党的群众工作模式研究@Axin xing cheng zhen hua bei jing xia dang de qun zhong gong zuo mo shi yan jiu@d= Research on the party's mass work model under the background of new urbanization@f王克明著@zeng |
| 210 | @a天津@c天津人民出版社@d2019.10 | |
| 215 | @a405页@c图@d24cm | |
| 300 | @a国家社会科学基金青年项目 (编号13CDJ021) 结项成果 | |
| 314 | @a王克明, 副编审, 博士, 天津市“五个一批”人才。 | |
| 320 | @a有书目 (第395-405页) | |
| 330 | @a本书以探索新型城镇化背景下党的群众工作模式为主题, 从课题设立的意图和使命出发, 在对课题所蕴含的关键词和相关概念进行解析, 并对新型城镇化之于党的群众工作的背景意义与现实要求进行深入剖析的基础上, 以党在新时期新阶段新时代关于党的群众路线和群众工作理论、政党功能理论和党的社会共同体理论为指导, 以马克思主义社会结构变迁理论和社会学结构功能理论为基本学术研究思维, 提出了新型城镇化背景下党的结构 —— 组织群众工作模式、功能 —— 调适群众工作模式等工作模式。 | |
| 510 | 1 | @aResearch on the party's mass work model under the background of new urbanization@zeng |
| 601 | 02 | @a中国共产党@Azhong guo gong chan dang@x群众工作@x研究 |
| 690 | @aD252@v5 | |
| 701 | 0 | @a王克明@Awang ke ming@4著 |
| 801 | 0 | @aCN@bBJXHXP@c20230308 |
| 905 | @b1392684-8@dD252@e260@f5 | |
| 新型城镇化背景下党的群众工作模式研究= Research on the party's mass work model under the background of new urbanization/王克明著.-天津:天津人民出版社,2019.10 |
| 405页:图;24cm |
| 国家社会科学基金青年项目 (编号13CDJ021) 结项成果 |
| ISBN 978-7-201-15484-8:CNY79.00 |
| 本书以探索新型城镇化背景下党的群众工作模式为主题, 从课题设立的意图和使命出发, 在对课题所蕴含的关键词和相关概念进行解析, 并对新型城镇化之于党的群众工作的背景意义与现实要求进行深入剖析的基础上, 以党在新时期新阶段新时代关于党的群众路线和群众工作理论、政党功能理论和党的社会共同体理论为指导, 以马克思主义社会结构变迁理论和社会学结构功能理论为基本学术研究思维, 提出了新型城镇化背景下党的结构 —— 组织群众工作模式、功能 —— 调适群众工作模式等工作模式。 |
| ● |
| 相关链接 |
|
|
|
|
正题名:新型城镇化背景下党的群众工作模式研究
索取号:D252/260
 
预约/预借
| 序号 | 登录号 | 条形码 | 馆藏地/架位号 | 状态 | 备注 |
| 1 | 1392684 | 213926849 | 第一样本阅览室/ [索取号:D252/260] | 在馆 | |
| 2 | 1392685 | 213926858 | 第一借阅区/ [索取号:D252/260] | 在馆 | |
| 3 | 1392686 | 213926867 | 第一借阅区/ [索取号:D252/260] | 在馆 | |
| 4 | 1392687 | 213926876 | 第一借阅区/ [索取号:D252/260] | 在馆 | |
| 5 | 1392688 | 213926885 | 第一借阅区/ [索取号:D252/260] | 在馆 |